000 00505cab a2200193 4500
001 X2957
008 090401t1995 xxu||||| |||| 00| 0 eng d
035 _a(Sirsi) u27456
041 _aeng
245 _aFarmland demand and prices still going up
260 _c1995
350 _a0
490 _aRural Practice Bulletin
_vNovember/December 1995, 4-5(2)
650 _aAGRICULTURAL LAND PRICES
650 _aRICS FARMLAND PRICE INDEX
690 _aRURAL PRACTICE
942 _n0
948 _c04/03/1997
999 _c18479
_d18479